| 000 | 01195nam0a22003011 4500 | ||
|---|---|---|---|
| 001 | v19\rc\1548190 | ||
| 005 | 20260412062650.0 | ||
| 035 | _a(NLR Aleph) 004664265 | ||
| 090 |
_a3591956 _c3591956 |
||
| 100 | _a20060620d1889 |||y0rusy50 ca | ||
| 101 | 0 | _arus | |
| 102 | _aRU | ||
| 105 | _ay z ||||| | ||
| 200 | 1 |
_aАбдаллах или Трилистник о четырех листках _eАраб. сказка Лябулэ _fПередел. с фр. М.А. Бекетовой |
|
| 210 |
_aМосква _cтип. И.Д. Сытина и К° _d1889 |
||
| 215 |
_a126, II с. _d18 |
||
| 517 | 0 | _aТрилистник о четырех листках | |
| 700 | 1 |
_7ca _8rus _aЛабуле _bЭ. Р. Л. _f1811-1883 _gЭдуар Рене Лефевр _959336 _3RU\NLR\AUTH\7776408 |
|
| 702 | 1 |
_4570 _7ca _8rus _aБекетова _bМ. А. _cписатель, поэт, переводчик _f1862-1938 _gМария Андреевна _954794 _3RU\NLR\AUTH\7771866 |
|
| 801 | 0 |
_aRU _bNLR _gpsbo |
|
| 801 | 0 |
_aRU _bRuMoRGB _2psbo |
|
| 801 | 1 |
_aRU _bProSoft-M _2rusmarc |
|
| 852 |
_aNLR _j18.276.5.402 |
||
| 852 |
_aNLR _j128/3717 |
||
| 899 |
_aRuMoRGB _jМК |
||
| 899 | _aБАН | ||
| 942 | _cBOOK | ||
| 980 | _aNB | ||